ბათუმის შოთა რუსთაველის სახელმწიფო უნივერსიტეტის ბიბლიოთეკა

შრომის სამართალი : სტატიათა კრებული : (ბიბ.ჩანაწერი № 37630)

000 -ლიდერი
ფიქსირებული სიგრძის საკონტროლო ველი 01264nam a2200265Ia 4500
001 - საკონტროლო ნომერი
საკონტროლო ველი 3602
003 - საკონტროლო ნომრის იდენტიფიკატორი
საკონტროლო ველი GE_BSU
005 - ბოლო ოპერაციის თარიღი და დრო
საკონტროლო ველი 20190625145816.0
008 - ფიქსირებული სიგრძის მონაცემთა ელემენტები - ზოგადი ინფორმაცია
ფიქსირებული სიგრძის საკონტროლო ველი 181216s2011||||ge |||||||||||||| ||ge ||
020 ## - წიგნის საერთაშორისო სტანდარტული ნომერი
International Standard Book Number 9789941103704
040 ## - კატალოგიზაციის წყარო
Transcribing agency GE_BSU
041 ## - ენის კოდი
Language code of text/sound track or separate title geo
080 ## - უნივერსალური ათობითი კლასიფიკაციის ინდექსი
Universal Decimal Classification number 349.2 მ–54
245 ## - ცნობა სათაურის შესახებ
Title შრომის სამართალი : სტატიათა კრებული :
Remainder of title კრ. 1 /
Statement of responsibility, etc რედ. ვახტანგ ზაალიშვილი ; წინათქმა ბესარიონ ზოიძე
264 ## - წარმოების, გამოცემის, დისტრიბუციის და სხვა ცნობები
გამოცემის, წარმოების, დისტრიბუციის... ადგილი თბილისი :
გამოცემის, წარმოების, დისტრიბუციის... სახელწოდება მერიდიანი,
გამოცემის, წარმოების, დისტრიბუციის... თარიღი 2011.
300 ## - ფიზიკური აღწერა
Extent 283 გვ. ;
Other physical details 20 სმ.
653 ## - INDEX TERM--UNCONTROLLED
Uncontrolled term შრომის სამართალი
700 ## - ADDED ENTRY--PERSONAL NAME
Personal name ზაალიშვილი, ვახტანგ
Relator term ავტორი
9 (RLIN) 2878
700 ## - ADDED ENTRY--PERSONAL NAME
Personal name ჩაჩავა, სოფიო
Relator term ავტორი
9 (RLIN) 2879
700 ## - ADDED ENTRY--PERSONAL NAME
Relator term ავტორი
9 (RLIN) 2880
700 ## - ADDED ENTRY--PERSONAL NAME
Personal name კვანტალიანი, ნუნუ და სხვ.
Relator term ავტორი
9 (RLIN) 2881
700 ## - ADDED ENTRY--PERSONAL NAME
Personal name ზაალიშვილი, ვახტანგ
Relator term რედაქტორი
9 (RLIN) 2878
700 ## - ADDED ENTRY--PERSONAL NAME
Personal name ზოიძე, ბესარიონ
Relator term წინათქმა
9 (RLIN) 243
942 ## - ADDED ENTRY ELEMENTS (KOHA)
Koha item type წიგნი
Source of classification or shelving scheme
ეგზემპლარები
ჩამოწერის სტატუსი დაკარგული ეგზემპლარის სტატუსი კლასიფიკაციის წყარო ან თაროზე გაწყობის სქემა დაზიანების სტატუსი არ გაიცემა მუდმივი მდებარეობა (დაცვის ადგილი) ამჟამინდელი ადგილსამყოფელი თაროზე განთავსების ადგილი შეძენის თარიღი სრული შენახვის შიფრი შტრიხკოდი ბოლო ოპერაციის თარიღი ეგზემპლარის მიმდევრობითი ნომერი (კეტერი?) ფასის ძალაში შესვლის თარიღი ეგზემპლარის სახეობა საჯარო შენიშვნა
          ბათუმის შოთა რუსთაველის სახელმწიფო უნივერსიტეტის მთავარი ბიბლიოთეკა ბათუმის შოთა რუსთაველის სახელმწიფო უნივერსიტეტის მთავარი ბიბლიოთეკა წიგნსაცავი 2018-12-17 349.2 მ–54 5149 2018-12-17 5149 2018-12-17 წიგნი